| 000 | 00920nam a2200205 a 4500 | ||
|---|---|---|---|
| 003 | 0 | ||
| 005 | 20250507112604.0 | ||
| 008 | 050808s19uu xx 00 eng d | ||
| 050 |
_aPHS LC 4091 _b.M59 2005 |
||
| 100 | _aMiyazawa, Yaeko Elizabeth D. | ||
| 245 |
_aA Comparative study on the level of communication between parents and first year high school students from public and private school / _cYaeko Elizabeth D. Miyazawa. |
||
| 260 |
_aLas PiƱas City, Philippines : _bSouthville International School and Colleges, _c2005. |
||
| 300 |
_a26 pages : _billustrations ; _c28 cm. |
||
| 504 | _aIncludes bibliographical references. | ||
| 650 |
_2Library of Congress Subject Headings _aParent and child _zPhilippines _xCommunication. |
||
| 650 |
_aPublic schools _zPhilippines _xStudents _vSocial conditions. |
||
| 650 |
_aPrivate schools _zPhilippines _xStudents _vSocial conditions. |
||
| 942 |
_2lcc _cPASS |
||
| 999 |
_c97275 _d97275 |
||